=LDR 00000nam 2200000 4500 =001 INLIS000000000044516 =005 20131008110017 =008 ***********************************Ind** =035 ##$$0010-101300000002438 =041 ##$$a Ind =082 ##$$a 6415 =090 ##$$a 6415 , Pen k =100 ##$$a Karmaputra =245 ##$$a Cita Rasa Penganeka Ragaman Pangan , Menurut Selera Masa Kini , Karmaputrra =260 ##$$a 1996 $b Jakarta =300 ##$$a 68 hlm. , Ilus , 23 cm =850 ##$$a NBPNMAT